[Event "Voronezh Region-ch"]
[Site "Voronezh"]
[Date "2004.12.11"]
[Round "9"]
[White "Chernyshov, Konstantin"]
[Black "Severgin, Valentin"]
[Result "1-0"]
[WhiteElo "2569"]
[BlackElo "2229"]
[PlyCount "91"]
[EventDate "2004.12.03"]
[EventType "tourn"]
[EventRounds "11"]
[EventCountry "RUS"]
[EventCategory "5"]
[SourceTitle "CBM 103 Extra"]
[Source "ChessBase"]
[SourceDate "2005.01.01"]
[SourceVersion "1"]
[SourceVersionDate "2005.01.01"]
[SourceQuality "1"]

1. d4 Nf6 2. Bg5 Ne4 3. Bf4 d5 4. Nd2 Bf5 5. Nxe4 Bxe4 6. c3 c6 7. f3 Bg6 8. h4 h6 9. h5 Bh7 10. e3 e6 11. Bd3 Bxd3 12. Qxd3 Bd6 13. Ne2 Bxf4 14. exf4 Nd7 15. g4 Qb6 16. 0-0-0 0-0-0 17. Kb1 Kb8 18. Qe3 c5 19. f5 cxd4 20. cxd4 exf5 21. Qf4+ Ka8 22. Nc3 Nf6 23. Qxf5 Qe6 24. Qf4 Qd6 25. Qxd6 Rxd6 26. Rhe1 Rd7 27. Re5 Kb8 28. Rde1 Kc8 29. Rf5 Kd8 30. Ree5 Re8 31. g5 Rxe5 32. dxe5 Nh7 33. g6 fxg6 34. hxg6 Ng5 35. Rf8+ Ke7 36. Rg8 Ke6 37. f4 Ne4 38. Re8+ Kf5 39. Nb5 d4 40. e6 Rd5 41. e7 Rc5 42. Rf8+ Kg4 43. a3 d3 44. e8Q d2 45. Qd7+ Kh4 46. Nc3 1-0

[Event "Voronezh Region-ch"]
[Site "Voronezh"]
[Date "2004.12.04"]
[Round "2"]
[White "Severgin, Valentin"]
[Black "Kostin, Alexey"]
[Result "0-1"]
[WhiteElo "2229"]
[BlackElo "2387"]
[PlyCount "62"]
[EventDate "2004.12.03"]
[EventType "tourn"]
[EventRounds "11"]
[EventCountry "RUS"]
[EventCategory "5"]
[SourceTitle "CBM 103 Extra"]
[Source "ChessBase"]
[SourceDate "2005.01.01"]
[SourceVersion "1"]
[SourceVersionDate "2005.01.01"]
[SourceQuality "1"]

1. e4 c6 2. d4 d5 3. e5 Bf5 4. h4 h5 5. c4 e6 6. Nc3 Nd7 7. Bg5 Be7 8. Nf3 Bxg5 9. Nxg5 dxc4 10. Bxc4 Ne7 11. 0-0 Nb6 12. Be2 Bg6 13. g3 Nf5 14. Nf3 Qe7 15. Qb3 Rd8 16. Rad1 0-0 17. Na4 Nd5 18. Rd2 Rd7 19. Rc1 Rfd8 20. Nc5 Rc7 21. Qa4 a5 22. a3 b6 23. Na6 Rcc8 24. Rxc6 Ra8 25. Rdc2 Qd7 26. Bb5 Qb7 27. Rc1 Rxa6 28. Bxa6 Qxa6 29. Qd1 Qb7 30. Ng5 Qa8 31. Kh2 Nde7 0-1

[Event "Voronezh Region-ch"]
[Site "Voronezh"]
[Date "2004.12.03"]
[Round "1"]
[White "Severgin, Valentin"]
[Black "Belikov, Vladimir"]
[Result "0-1"]
[WhiteElo "2229"]
[BlackElo "2506"]
[PlyCount "73"]
[EventDate "2004.12.03"]
[EventType "tourn"]
[EventRounds "11"]
[EventCountry "RUS"]
[EventCategory "5"]
[SourceTitle "CBM 103 Extra"]
[Source "ChessBase"]
[SourceDate "2005.01.01"]
[SourceVersion "1"]
[SourceVersionDate "2005.01.01"]
[SourceQuality "1"]

1. e4 c5 2. Nc3 Nc6 3. g3 g6 4. Bg2 Bg7 5. d3 d6 6. Be3 Rb8 7. Qd2 b5 8. f4 b4 9. Nd1 Bg4 10. Nf3 Nf6 11. h3 Bxf3 12. Bxf3 Nd4 13. Bg2 Qa5 14. 0-0 0-0 15. g4 Nd7 16. Kh1 Qa6 17. Nf2 Nb5 18. Nd1 Nd4 19. Nf2 Nb5 20. Nd1 Rfc8 21. c3 bxc3 22. bxc3 Na3 23. Rc1 Rb6 24. Re1 Rcb8 25. Bf1 Qa4 26. Qf2 Rb1 27. Rxb1 Nxb1 28. d4 Na3 29. Nb2 Qc2 30. Nc4 Qa4 31. Nxa3 Qxa3 32. Rc1 cxd4 33. cxd4 Bxd4 34. Re1 Rb2 35. Qg1 Bxe3 36. Qxe3 Rxa2 37. e5 0-1

[Event "SVK-ch op"]
[Site "Zvolen"]
[Date "2000.09.03"]
[Round "9"]
[White "Hanko, Pavol"]
[Black "Severgin, Valentin"]
[Result "1-0"]
[WhiteElo "2195"]
[BlackElo "2270"]
[PlyCount "125"]
[EventDate "2000.08.27"]
[EventType "swiss"]
[EventRounds "9"]
[EventCountry "SVK"]
[SourceTitle "EXT 2001"]
[Source "ChessBase"]
[SourceDate "2000.11.22"]
[SourceVersion "1"]
[SourceVersionDate "2000.11.22"]
[SourceQuality "1"]

1. d4 d5 2. Nf3 Nf6 3. c4 c6 4. Nc3 dxc4 5. a4 Na6 6. e3 Bg4 7. Bxc4 e6 8. 0-0 Nb4 9. Qe2 Be7 10. h3 Bh5 11. g4 Bg6 12. Ne5 Be4 13. Nxe4 Nxe4 14. Nxf7 Kxf7 15. Qf3+ Nf6 16. g5 Qa5 17. gxf6 gxf6 18. Bd2 Qg5+ 19. Kh1 Nd5 20. Rg1 Qf5 21. Qxf5 exf5 22. f3 Kf8 23. Bd3 f4 24. exf4 Rd8 25. f5 Kf7 26. Bc4 Rhe8 27. Rae1 Bf8 28. Re4 Re7 29. Rgg4 Ke8 30. Rh4 Rdd7 31. Re6 Kd8 32. Bxd5 Rxd5 33. Rxf6 Bg7 34. Re6 Rxf5 35. Rxe7 Kxe7 36. Rxh7 Kf7 37. Kg2 Kg8 38. Rh4 c5 39. Rg4 Kf7 40. Bc3 b6 41. Kf2 Rd5 42. Ke3 cxd4+ 43. Bxd4 Bh6+ 44. Ke4 Rh5 45. h4 b5 46. a5 b4 47. Be5 b3 48. f4 Bf8 49. Rg3 Rxh4 50. Rxb3 Bc5 51. Rb7+ Ke8 52. b4 Bf2 53. b5 Rh6 54. b6 axb6 55. a6 b5 56. a7 Bxa7 57. Rxa7 Rb6 58. Kd5 b4 59. Kc5 Rh6 60. Kxb4 Rh1 61. Kc5 Rc1+ 62. Kd5 Kf8 63. f5 1-0

[Event "SVK-ch op"]
[Site "Zvolen"]
[Date "2000.09.01"]
[Round "7"]
[White "Sycova, Miroslava"]
[Black "Severgin, Valentin"]
[Result "0-1"]
[WhiteElo "2077"]
[BlackElo "2270"]
[PlyCount "110"]
[EventDate "2000.08.27"]
[EventType "swiss"]
[EventRounds "9"]
[EventCountry "SVK"]
[SourceTitle "EXT 2001"]
[Source "ChessBase"]
[SourceDate "2000.11.22"]
[SourceVersion "1"]
[SourceVersionDate "2000.11.22"]
[SourceQuality "1"]

1. e4 c5 2. Nc3 Nc6 3. f4 g6 4. Nf3 Bg7 5. Bb5 Nd4 6. Nxd4 cxd4 7. Ne2 e6 8. 0-0 Qb6 9. Bd3 Ne7 10. Kh1 d6 11. c3 dxc3 12. dxc3 0-0 13. Ng3 Re8 14. Qe2 Bd7 15. Be3 Qc7 16. Qf2 Nc6 17. Rae1 b6 18. Qd2 Rad8 19. Rd1 Bc8 20. f5 d5 21. fxg6 hxg6 22. Bg5 Rd7 23. Qe2 d4 24. cxd4 Nxd4 25. Qf2 Qe5 26. Bf4 Qa5 27. Bc4 b5 28. Be3 bxc4 29. Bxd4 e5 30. Bc3 Qc7 31. Qe2 Rxd1 32. Rxd1 Be6 33. Nf1 Rd8 34. Ne3 Rxd1+ 35. Qxd1 Qb6 36. Nd5 Qf2 37. h3 Kh7 38. Qd2 Qf1+ 39. Kh2 Bxd5 40. Qxd5 Bh6 41. Bd2 Bf4+ 42. Bxf4 Qxf4+ 43. Kg1 Qc1+ 44. Kh2 Qf4+ 45. Kg1 Kh6 46. Qxc4 f5 47. Qg8 Qxe4 48. Qh8+ Kg5 49. Qd8+ Kf4 50. Qh4+ Ke3 51. Qg3+ Kd2 52. Qxg6 Qd4+ 53. Kh2 e4 54. Qg5+ Kd1 55. Qxf5 e3 0-1

[Event "SVK-ch op"]
[Site "Zvolen"]
[Date "2000.08.30"]
[Round "5"]
[White "Palecek, Peter"]
[Black "Severgin, Valentin"]
[Result "1-0"]
[WhiteElo "2216"]
[BlackElo "2270"]
[PlyCount "80"]
[EventDate "2000.08.27"]
[EventType "swiss"]
[EventRounds "9"]
[EventCountry "SVK"]
[SourceTitle "EXT 2001"]
[Source "ChessBase"]
[SourceDate "2000.11.22"]
[SourceVersion "1"]
[SourceVersionDate "2000.11.22"]
[SourceQuality "1"]

1. Nf3 d5 2. d4 Nf6 3. c4 c6 4. Nc3 dxc4 5. a4 Bg4 6. e3 e6 7. Bxc4 Bb4 8. 0-0 0-0 9. Be2 Qe7 10. h3 Bh5 11. Ne5 Bxe2 12. Qxe2 Rd8 13. Nd3 Ba5 14. Rb1 Na6 15. Na2 Rac8 16. b4 Bc7 17. f4 Ne4 18. Qf3 f5 19. Nf2 Nf6 20. Nd3 Bd6 21. Rf2 Nc7 22. Rc2 Ncd5 23. Bd2 Ne4 24. Be1 Kh8 25. h4 Nef6 26. Ne5 Bxe5 27. fxe5 Ng4 28. Rb3 Qf7 29. Nc1 Qh5 30. Qg3 Qh6 31. Bd2 Qg6 32. Ra2 f4 33. exf4 Ne7 34. Ne2 Nf5 35. Qd3 Rd7 36. Rc2 Rcd8 37. Rc4 Nxh4 38. Qxg6 Nxg6 39. b5 cxb5 40. Rxb5 Ne7 1-0

[Event "SVK-ch op"]
[Site "Zvolen"]
[Date "2000.08.29"]
[Round "3"]
[White "Severgin, Valentin"]
[Black "Havlickova, Beata"]
[Result "1-0"]
[WhiteElo "2270"]
[BlackElo "2038"]
[PlyCount "95"]
[EventDate "2000.08.27"]
[EventType "swiss"]
[EventRounds "9"]
[EventCountry "SVK"]
[SourceTitle "EXT 2001"]
[Source "ChessBase"]
[SourceDate "2000.11.22"]
[SourceVersion "1"]
[SourceVersionDate "2000.11.22"]
[SourceQuality "1"]

1. e4 c5 2. Nc3 Nc6 3. g3 d6 4. Bg2 g6 5. d3 Bg7 6. Be3 e6 7. Qd2 Rb8 8. Nge2 Nd4 9. 0-0 Ne7 10. f4 b5 11. g4 0-0 12. Ng3 b4 13. Nd1 f5 14. c3 bxc3 15. bxc3 Nb5 16. Rb1 Ba6 17. gxf5 exf5 18. exf5 Nxf5 19. Nxf5 Rxf5 20. Be4 Rf8 21. Qg2 Qh4 22. f5 gxf5 23. Bxf5 Bb7 24. Qg3 Qxg3+ 25. hxg3 Bc6 26. Bd2 Rbe8 27. Be4 Bxe4 28. dxe4 Na3 29. Rb7 Rxf1+ 30. Kxf1 Rxe4 31. Rxa7 Nc4 32. Bf4 Re8 33. a4 Be5 34. Bxe5 Rxe5 35. a5 h5 36. a6 Re8 37. Rb7 Na5 38. Rb5 Nc6 39. Rb6 Na5 40. Rxd6 Ra8 41. Ne3 Kf7 42. Kg2 Ke7 43. Rh6 Kd7 44. Nd5 Nc4 45. Kh3 Rd8 46. a7 Ra8 47. Ra6 Kc8 48. Ra4 1-0

[Event "Schwarzach op-A"]
[Site "Schwarzach"]
[Date "1997.08.31"]
[Round "9.11"]
[White "Severgin, Valentin"]
[Black "Hicker, Harald"]
[Result "1-0"]
[WhiteElo "2260"]
[BlackElo "2105"]
[PlyCount "109"]
[EventDate "1997.08.23"]
[EventType "swiss"]
[EventRounds "9"]
[EventCountry "AUT"]
[SourceTitle "EXT 1999"]
[Source "ChessBase"]
[SourceDate "1998.11.16"]
[SourceVersion "1"]
[SourceVersionDate "1998.11.16"]
[SourceQuality "1"]

1. e4 e5 2. Nf3 Nc6 3. Bc4 Be7 4. d3 Nf6 5. Nbd2 d6 6. c3 0-0 7. h3 a6 8. Bb3 Na5 9. Bc2 c5 10. 0-0 b5 11. Re1 Qc7 12. Nf1 Bb7 13. Ng3 g6 14. Bd2 Rfc8 15. Rc1 Nc6 16. Nh2 Nd8 17. Ng4 Nxg4 18. Qxg4 Ne6 19. h4 Qd8 20. Nf5 Kh8 21. Nh6 Qe8 22. g3 Bf8 23. h5 Rc7 24. hxg6 fxg6 25. Rcd1 Bc8 26. Qf3 Bxh6 27. Bxh6 Rf7 28. Qe3 Qe7 29. Bb3 Bd7 30. Rd2 Rg8 31. f4 exf4 32. gxf4 c4 33. dxc4 Nc5 34. Qd4+ Qf6 35. Qxf6+ Rxf6 36. Bg5 Re6 37. cxb5 Nxb3 38. axb3 axb5 39. e5 Rge8 40. Red1 Kg7 41. Rxd6 Rxd6 42. Rxd6 Be6 43. Rb6 Bxb3 44. Rxb5 Bf7 45. Rb7 Kg8 46. Kf2 Ra8 47. Ke3 Bd5 48. Rd7 Be6 49. Re7 Bf5 50. Bf6 h5 51. b4 Ra1 52. b5 Rb1 53. c4 Rb3+ 54. Kd4 Rd3+ 55. Kc5 1-0

[Event "Schwarzach op-A"]
[Site "Schwarzach"]
[Date "1997.08.29"]
[Round "7.9"]
[White "Severgin, Valentin"]
[Black "Mojzis, Jaroslav"]
[Result "1-0"]
[WhiteElo "2260"]
[BlackElo "2215"]
[PlyCount "73"]
[EventDate "1997.08.23"]
[EventType "swiss"]
[EventRounds "9"]
[EventCountry "AUT"]
[SourceTitle "EXT 1999"]
[Source "ChessBase"]
[SourceDate "1998.11.16"]
[SourceVersion "1"]
[SourceVersionDate "1998.11.16"]
[SourceQuality "1"]

1. e4 e5 2. Nf3 Nc6 3. Bc4 Nf6 4. d3 Be7 5. c3 d6 6. Nbd2 a6 7. Bb3 Nd7 8. d4 Bf6 9. Nf1 0-0 10. Ng3 Nb6 11. d5 Nb8 12. 0-0 c6 13. c4 cxd5 14. cxd5 a5 15. Bd2 a4 16. Bc2 Bd7 17. Bb4 Bb5 18. Bd3 Bxd3 19. Qxd3 Qd7 20. Nf5 Nc8 21. Rac1 Na6 22. Ba3 Bd8 23. Rxc8 Qxc8 24. Bxd6 Re8 25. Nxe5 Bf6 26. Qg3 g6 27. Nh6+ Kg7 28. Nhxf7 Qc2 29. Qf4 Qxb2 30. Ng4 Qd4 31. Qh6+ Kxf7 32. Qxh7+ Bg7 33. Nh6+ Kf6 34. e5+ Rxe5 35. Bxe5+ Kxe5 36. Qxg7+ Kxd5 37. Qxb7+ 1-0

[Event "Schwarzach op-A"]
[Site "Schwarzach"]
[Date "1997.08.26"]
[Round "4.15"]
[White "Lada, Ireneusz"]
[Black "Severgin, Valentin"]
[Result "1-0"]
[WhiteElo "2145"]
[BlackElo "2260"]
[PlyCount "117"]
[EventDate "1997.08.23"]
[EventType "swiss"]
[EventRounds "9"]
[EventCountry "AUT"]
[SourceTitle "EXT 1999"]
[Source "ChessBase"]
[SourceDate "1998.11.16"]
[SourceVersion "1"]
[SourceVersionDate "1998.11.16"]
[SourceQuality "1"]

1. c4 e5 2. Nc3 Nc6 3. Nf3 f5 4. d3 d6 5. g3 Nf6 6. Bg2 g6 7. 0-0 Bg7 8. Rb1 a5 9. a3 0-0 10. b4 axb4 11. axb4 h6 12. b5 Ne7 13. Ne1 g5 14. Nc2 Ng6 15. Nb4 Ne7 16. e3 Kh8 17. Ne2 Qe8 18. f4 Ng6 19. Bd2 gxf4 20. exf4 Rb8 21. Qc1 Kh7 22. fxe5 dxe5 23. c5 e4 24. Nf4 Qxb5 25. Nbd5 Qe8 26. Nxg6 Qxg6 27. Nxf6+ Bxf6 28. dxe4 fxe4 29. Rb4 Re8 30. Bxh6 Qxh6 31. Qxh6+ Kxh6 32. Rxf6+ Kg7 33. Rf1 e3 34. Re1 b6 35. Re4 Rxe4 36. Bxe4 bxc5 37. Rxe3 Rb4 38. Bd5 Kf6 39. h4 Rd4 40. Bg8 c4 41. Kf2 Rd2+ 42. Kf3 Bb7+ 43. Kg4 Rd3 44. Rxd3 cxd3 45. Kf4 c5 46. Bc4 d2 47. Be2 c4 48. Ke3 c3 49. Bd1 Ba6 50. g4 Bf1 51. g5+ Kg7 52. h5 Bc4 53. h6+ Kh8 54. g6 Bg8 55. Kd4 Be6 56. Ke5 Bc4 57. Kf6 Bd3 58. g7+ Kh7 59. Bb3 1-0

[Event "Zalakaros op 15th"]
[Site "Zalakaros"]
[Date "1996.??.??"]
[Round "2"]
[White "Fasser, Walter"]
[Black "Severgin, Valentin"]
[Result "0-1"]
[WhiteElo "2030"]
[BlackElo "2265"]
[PlyCount "100"]
[EventDate "1996.??.??"]
[EventType "swiss"]
[EventRounds "9"]
[EventCountry "HUN"]
[SourceTitle "CBM 052 Extra"]
[Source "ChessBase"]
[SourceDate "1996.07.01"]
[SourceVersion "1"]
[SourceVersionDate "1996.07.01"]
[SourceQuality "1"]

1. d4 d5 2. Nf3 Nf6 3. e3 c6 4. c4 a6 5. cxd5 cxd5 6. Nc3 Nc6 7. Bd2 Bf5 8. Rc1 e6 9. Be2 Bd6 10. 0-0 0-0 11. Nh4 Rc8 12. Nxf5 exf5 13. Bd3 g6 14. Qf3 Re8 15. Na4 Bb8 16. Nc5 Ne4 17. Bxe4 fxe4 18. Qe2 f5 19. Bc3 Qe7 20. b4 Na7 21. a4 f4 22. exf4 Bxf4 23. Bd2 Bd6 24. Be3 Rf8 25. Qg4 Rf5 26. h4 Re8 27. Rb1 Kg7 28. g3 Kg8 29. Rfc1 Kg7 30. b5 axb5 31. axb5 h5 32. Qe2 Rf3 33. Kg2 Ref8 34. Ra1 Nc8 35. Ra8 Nb6 36. Rxf8 Rxf8 37. Ra1 Bb8 38. Bg5 Qf7 39. Be3 Kh7 40. Ra2 Nc4 41. Ra1 b6 42. Na4 Qd7 43. Nc3 Rf3 44. Nxe4 Nxe3+ 45. Kxf3 Qg4+ 46. Kxe3 Qxe4+ 47. Kd2 Qxd4+ 48. Kc2 Qxa1 49. Qe7+ Qg7 50. Qd8 Qc7+ 0-1